[Event "Anti Cheating Blitz Cup"]
[Site "Chess.com INT"]
[Date "2020.05.20"]
[Round "5"]
[White "Borrelli, Lorenzo"]
[Black "Regondi, Lorenzo"]
[Result "0-1"]
[WhiteElo "1809"]
[BlackElo "2066"]
[PlyCount "104"]
[EventDate "2020.05.20"]
[EventType "swiss (blitz)"]
[EventRounds "11"]
[EventCountry "USA"]
[SourceTitle "CBM 196 Extra"]
[Source "ChessBase"]
[SourceDate "2020.07.31"]
[SourceVersion "1"]
[SourceVersionDate "2020.07.31"]
[SourceQuality "1"]

1. d4 Nf6 2. Nf3 d5 3. e3 c5 4. c3 Nc6 5. h3 cxd4 6. cxd4 Bf5 7. Bd3 e6 8. Bxf5 exf5 9. 0-0 Bd6 10. a3 0-0 11. b4 a6 12. Bb2 Qe7 13. Nbd2 Ne4 14. Nb3 a5 15. b5 a4 16. bxc6 axb3 17. cxb7 Qxb7 18. Nd2 Rab8 19. f3 Ng3 20. Re1 h5 21. Rc1 Rfc8 22. Rxc8+ Rxc8 23. Qb1 h4 24. Qd3 Rc2 25. Rb1 Bb8 26. Qxb3 Qc7 27. f4 Rxd2 28. Bc3 Rd3 29. Qxb8+ Qxb8 30. Rxb8+ Kh7 31. Be1 Rxa3 32. Bxg3 hxg3 33. Kf1 Rxe3 34. Rd8 Re4 35. Rf8 Rxf4+ 36. Ke2 Kg6 37. Ke3 Rf2 38. Rd8 f4+ 39. Kd3 Rxg2 40. Rd6+ f6 41. Rxd5 f3 42. Ke3 f2 43. Ke2 Rh2 44. Ra5 Rh1 45. Ra1 Rxa1 46. Kd3 f1Q+ 47. Ke4 Qxh3 48. Kd5 Qf5+ 49. Kc4 Rc1+ 50. Kb3 Qb1+ 51. Ka4 Rc2 52. Ka3 Ra2# 0-1

[Event "Anti Cheating Blitz Cup"]
[Site "Chess.com INT"]
[Date "2020.05.20"]
[Round "1"]
[White "Gorgoglione, Enrico"]
[Black "Borrelli, Lorenzo"]
[Result "1-0"]
[WhiteElo "2010"]
[BlackElo "1809"]
[PlyCount "49"]
[EventDate "2020.05.20"]
[EventType "swiss (blitz)"]
[EventRounds "11"]
[EventCountry "USA"]
[SourceTitle "CBM 196 Extra"]
[Source "ChessBase"]
[SourceDate "2020.07.31"]
[SourceVersion "1"]
[SourceVersionDate "2020.07.31"]
[SourceQuality "1"]

1. e4 d5 2. exd5 Qxd5 3. Nc3 Qd6 4. Bc4 Nf6 5. Nge2 Be6 6. Bxe6 Qxe6 7. 0-0 c6 8. d4 Qd6 9. Bf4 Qd8 10. Re1 e6 11. Qd2 Bd6 12. Rad1 0-0 13. h3 Qc7 14. Qe3 Bxf4 15. Nxf4 Nbd7 16. Nd3 Nd5 17. Nxd5 exd5 18. Qf3 Rae8 19. c3 Qd6 20. g4 f6 21. Kg2 Kf7 22. g5 Rxe1 23. Rxe1 Re8 24. Qh5+ g6 25. Qxh7+ 1-0